Sports Quiz

Random Sports or NFL Quiz

NFL Retired Jerseys Quiz Stats

 Plays Quiz Updated Apr 26, 2018

Challenge
Share
Tweet
Embed
Score 0/150 Timer 12:00
0 Plays Today
Team Player % Correct
San Francisco 49ersJoe Montana
78.6%
Cleveland BrownsJim Brown
72.4%
Philadelphia EaglesJerome Brown
70.3%
Denver BroncosJohn Elway
70.1%
Chicago BearsWalter Payton
67.7%
Green Bay PackersBart Starr
67.5%
Green Bay PackersBrett Favre
67.4%
Detroit LionsBarry Sanders
66.8%
Buffalo BillsJim Kelly
64.9%
Miami DolphinsDan Marino
64.4%
Philadelphia EaglesReggie White
64.2%
Green Bay PackersReggie White
64.2%
New York JetsJoe Namath
62.5%
Indianapolis ColtsBuddy Young
62%
Indianapolis ColtsJohnny Unitas
61.1%
New York GiantsLawrence Taylor
58.9%
New Orleans SaintsJim Taylor
57.9%
Pittsburgh SteelersJoe Greene
54%
Minnesota VikingsFran Tarkenton
51.9%
Los Angeles ChargersDan Fouts
48.6%
New York GiantsPhil Simms
47.6%
Chicago BearsMike Ditka
45.3%
Chicago BearsDick Butkus
44.9%
Tampa Bay BuccaneersWarren Sapp
44.2%
Chicago BearsGale Sayers
43.6%
San Francisco 49ersSteve Young
42.4%
Seattle SeahawksThe Twelfth Man
42.4%
Miami DolphinsBob Griese
41.9%
Seattle SeahawksSteve Largent
41.6%
Los Angeles ChargersJunior Seau
40.3%
Cincinnati BengalsBob Johnson
39.1%
San Francisco 49ersJimmy Johnson
39.1%
Kansas City ChiefsStone Johnson
39.1%
Kansas City ChiefsLen Dawson
38.1%
Miami DolphinsLarry Csonka
38.1%
Los Angeles RamsMarshall Faulk
37.2%
Tennessee TitansEarl Campbell
36.7%
Minnesota VikingsCris Carter
35.2%
New York GiantsY.A. Tittle
33.4%
Los Angeles RamsIsaac Bruce
33.3%
Los Angeles RamsEric Dickerson
32.4%
Cleveland BrownsOtto Graham
28.8%
Cleveland BrownsErnie Davis
28.4%
Tennessee TitansWarren Moon
28.3%
San Francisco 49ersJerry Rice
27.3%
San Francisco 49ersDwight Clark
27.1%
Arizona CardinalsPat Tillman
26.7%
Detroit LionsDutch Clark
26.7%
Los Angeles RamsDeacon Jones
26.2%
New York GiantsFrank Gifford
25.8%
Team Player % Correct
Washington RedskinsSammy Baugh
23%
San Francisco 49ersJoe Perry
22.9%
Seattle SeahawksCortez Kennedy
22.7%
Minnesota VikingsAlan Page
22.4%
Kansas City ChiefsDerrick Thomas
22.4%
Kansas City ChiefsEmmitt Thomas
22.2%
Carolina PanthersSam Mills
22.1%
Denver BroncosFloyd Little
21.9%
Los Angeles ChargersLance Alworth
21.5%
Tennessee TitansBruce Matthews
21.4%
Minnesota VikingsJim Marshall
20.5%
Detroit LionsBobby Layne
20.4%
San Francisco 49ersRonnie Lott
20.4%
Chicago BearsBill George
20%
New Orleans SaintsRickey Jackson
19.8%
Indianapolis ColtsLenny Moore
19.5%
Tampa Bay BuccaneersLee Roy Selmon
19.3%
Atlanta FalconsSteve Bartkowski
19.2%
Green Bay PackersRay Nitschke
18.4%
Seattle SeahawksWalter Jones
18.3%
Indianapolis ColtsRaymond Berry
18.1%
New York JetsDon Maynard
17.3%
Tampa Bay BuccaneersDerrick Brooks
16.6%
Chicago BearsSid Luckman
16.3%
New England PatriotsJohn Hannah
15.9%
Chicago BearsBrian Piccolo
15.8%
Chicago BearsRed Grange
15.4%
Los Angeles RamsMerlin Olsen
15.2%
San Francisco 49ersJohn Brodie
15.1%
Chicago BearsGeorge Halas
15.1%
Arizona CardinalsLarry Wilson
15.1%
New Orleans SaintsSam Mills
14.8%
Green Bay PackersDon Hutson
14.5%
Philadelphia EaglesChuck Bednarik
14.2%
New York JetsCurtis Martin
13.5%
Chicago BearsBronko Nagurski
13.2%
Los Angeles RamsJack Youngblood
12.1%
Philadelphia EaglesBrian Dawkins
11.9%
New York JetsJoe Klecko
11.9%
Philadelphia EaglesSteve Van Buren
10.3%
Cleveland BrownsLou Groza
10.1%
Kansas City ChiefsBobby Bell
10%
Detroit LionsDoak Walker
10%
Kansas City ChiefsWillie Lanier
9.4%
Indianapolis ColtsArt Donovan
9.3%
Atlanta FalconsTommy Nobis
9%
Los Angeles RamsJackie Slater
8.4%
Tennessee TitansMike Munchak
8%
Atlanta FalconsWilliam Andrews
8%
Kansas City ChiefsBuck Buchanan
7.6%
Team Player % Correct
Los Angeles RamsBob Waterfield
7%
Indianapolis ColtsGino Marchetti
7%
Minnesota VikingsKorey Stringer
6.7%
Indianapolis ColtsJim Parker
6.5%
Kansas City ChiefsAbner Haynes
6.3%
New England PatriotsMike Haynes
6.3%
New York JetsWayne Chrebet
6.1%
Kansas City ChiefsJan Stenerud
6%
Atlanta FalconsMike Kenn
5.9%
New England PatriotsBruce Armstrong
5.7%
Detroit LionsJoe Schmidt
5.2%
Pittsburgh SteelersErnie Stautner
5.1%
Atlanta FalconsJeff Van Note
5%
New England PatriotsSteve Nelson
5%
Minnesota VikingsMick Tingelhoff
4.7%
Tennessee TitansElvin Bethea
4.7%
Atlanta FalconsJessie Tuggle
4.5%
Chicago BearsBulldog Turner
4.5%
Green Bay PackersTony Canadeo
4.4%
Kansas City ChiefsMack Lee Hill
4.4%
New Orleans SaintsDoug Atkins
4.1%
New York GiantsMel Hein
4.1%
San Francisco 49ersHugh McElhenny
3.9%
Denver BroncosFrank Tripucka
3.8%
San Francisco 49ersBob St. Clair
3.8%
New York GiantsCharlie Conerly
3.8%
New York GiantsJoe Morrison
3.3%
Arizona CardinalsJ.V. Cain
3%
New England PatriotsGino Cappelletti
2.9%
New York GiantsWard Cuff
2.8%
Atlanta FalconsClaude Humphrey
2.7%
Tennessee TitansJim Norton
2.6%
New England PatriotsJim Lee Hunt
2.6%
San Francisco 49ersLeo Nomellini
2.6%
Chicago BearsWillie Galimore
2.5%
Chicago BearsGeorge McAfee
2.5%
Detroit LionsChuck Hughes
2.3%
New York GiantsKen Strong
2.1%
Arizona CardinalsMarshall Goldberg
2.1%
Cleveland BrownsDon Fleming
1.9%
New England PatriotsBob Dee
1.9%
Philadelphia EaglesPete Retzlaff
1.9%
San Francisco 49ersCharlie Krueger
1.7%
New York GiantsTuffy Leemans
1.7%
Chicago BearsBill Hewitt
1.7%
Philadelphia EaglesTom Brookshier
1.6%
Arizona CardinalsStan Mauldin
1.4%
New York GiantsRay Flaherty
1.3%
New York GiantsAl Blozis
1.3%
Philadelphia EaglesAl Wistert
1.1%

You're not logged in!

Compare scores with friends on all Sporcle quizzes.
OR
Log In

You Might Also Like...

Show Comments

Extras

Top Quizzes Today


Score Distribution

Your Account Isn't Verified!

In order to create a playlist on Sporcle, you need to verify the email address you used during registration. Go to your Sporcle Settings to finish the process.

Report this User

Report this user for behavior that violates our Community Guidelines.

Details: